000 01039nam a22002777a 4500
005 2012060608238.0
008 120606t xxu||||| |||| 00| 0 eng d
010 _aENG-105441
020 _a9788120345744
_c195.00
035 _aEN-88974
037 _bDBAD / PUB
040 _adpl
_bEnglish
082 _a658.562
100 _aSinghal, Divya
_948482
245 _aImplementing ISO 9001:2000 quality management system :
_cby Divya Singhal [and] K.R. Singhal
_ba reference guide /
250 _a2nd ed
260 _aNew Delhi
_bPHI Learning
_c2012
270 _aM-97 Connaught Circus,
_bNew Delhi
_e110012
300 _axii, 183p.
_c24cm (pbk)
500 _aIncludes bibliographical references and index
650 _aISO 9001 Standard
_948483
650 _aQuality control
_948484
700 _aSinghal, K.R.
_948485
942 _2ddc
_cEN
_mSIN
_h658.562
999 _c67545
_d67545